[Event "Medellin de La Raza U2000 op"]
[Site "Medellin"]
[Date "2023.10.15"]
[Round "7"]
[White "Rosales, Jhon Mike"]
[Black "Duque Pinzon, Manuel Santiago"]
[Result "0-1"]
[WhiteElo "1754"]
[BlackElo "1987"]
[PlyCount "92"]
[EventDate "2023.10.12"]
[EventType "swiss"]
[EventRounds "9"]
[EventCountry "COL"]
[SourceTitle "Mega2024 Update 01"]
[Source "Chessbase"]
[SourceDate "2023.11.12"]
[SourceVersion "1"]
[SourceVersionDate "2023.11.12"]
[SourceQuality "1"]

1. e4 c5 2. Nf3 a6 3. d4 cxd4 4. Nxd4 Nf6 5. Nc3 e5 6. Nb3 Bb4 7. f3 d5 8. Bd2 dxe4 9. Qe2 0-0 10. Nxe4 Nxe4 11. Qxe4 Bxd2+ 12. Nxd2 Nc6 13. 0-0-0 Qc7 14. g4 f5 15. Qc4+ Kh8 16. h3 Qe7 17. Nb3 Be6 18. Qc5 Qg5+ 19. Kb1 Qf4 20. Be2 a5 21. Nc1 Rac8 22. Nd3 Bxa2+ 23. Ka1 Qa4 24. Qa3 Qxa3 25. bxa3 Nd4 26. Rd2 Bd5 27. Nxe5 Nxe2 28. Rxe2 fxg4 29. hxg4 Kg8 30. Reh2 Bxf3 31. Nxf3 Rxf3 32. Kb2 Rfc3 33. Rxh7 Rxc2+ 34. Kb1 Rc1+ 35. Kb2 R1c2+ 36. Kb1 Rc1+ 37. Kb2 Rxh1 38. Rxh1 Rc4 39. Rh5 b6 40. Rb5 Rc6 41. g5 Kf7 42. Kb3 Ke6 43. a4 Kd6 44. Kb2 Kd7 45. Kb3 Rd6 46. Kc4 Kc7 0-1

[Event "Pereira Fiestas de la Cosecha op"]
[Site "Pereira"]
[Date "2023.08.26"]
[Round "4"]
[White "Rosales, Jhon Mike"]
[Black "Chavez Duero, Brayan Steven"]
[Result "1/2-1/2"]
[WhiteElo "1752"]
[BlackElo "2040"]
[PlyCount "73"]
[EventDate "2023.08.24"]
[EventType "swiss"]
[EventRounds "7"]
[EventCountry "COL"]
[SourceTitle "EXT 2024"]
[Source "ChessBase"]
[SourceDate "2023.10.10"]
[SourceVersion "1"]
[SourceVersionDate "2023.10.10"]
[SourceQuality "1"]

1. e4 c5 2. Nf3 g6 3. d4 cxd4 4. Nxd4 Nc6 5. c4 Nf6 6. Nc3 d6 7. Be2 Nxd4 8. Qxd4 Bg7 9. h3 0-0 10. Be3 Ng4 11. Qd2 Nxe3 12. Qxe3 Qa5 13. 0-0 Bxc3 14. bxc3 Be6 15. Rfb1 b6 16. Rb5 Qa3 17. e5 dxe5 18. Rxe5 Rac8 19. Re4 Rc7 20. Rd1 Qc5 21. Qh6 Bf5 22. Rh4 g5 23. Rd5 gxh4 24. Rxc5 Rxc5 25. Qg5+ Bg6 26. Qxe7 Ra5 27. Qxh4 Rxa2 28. Qg4 Re8 29. Bf3 Re1+ 30. Kh2 Rxf2 31. Qd7 Rc2 32. Qxa7 Re3 33. Bd5 Rexc3 34. Qb8+ Kg7 35. Qe5+ Kf8 36. Qd6+ Kg7 37. Qe5+ 1/2-1/2

[Event "Pereira Fiestas de la Cosecha op"]
[Site "Pereira"]
[Date "2023.08.25"]
[Round "2"]
[White "Rosales, Jhon Mike"]
[Black "Lopez Idarraga, Daniel Eduardo"]
[Result "0-1"]
[WhiteElo "1752"]
[BlackElo "2009"]
[PlyCount "50"]
[EventDate "2023.08.24"]
[EventType "swiss"]
[EventRounds "7"]
[EventCountry "COL"]
[SourceTitle "EXT 2024"]
[Source "ChessBase"]
[SourceDate "2023.10.10"]
[SourceVersion "1"]
[SourceVersionDate "2023.10.10"]
[SourceQuality "1"]

1. e4 c6 2. d4 d5 3. Nc3 dxe4 4. Nxe4 Bf5 5. Ng3 Bg6 6. h4 h6 7. Bc4 Nf6 8. Nh3 Nbd7 9. Nf4 Bh7 10. Bb3 e5 11. Qe2 Bb4+ 12. c3 Bd6 13. Bxf7+ Kxf7 14. Qc4+ Ke8 15. dxe5 Nxe5 16. Qe2 Kf7 17. Be3 Re8 18. 0-0-0 Qc7 19. Ngh5 Nxh5 20. Qxh5+ Kg8 21. g4 Nf7 22. Nh3 g6 23. Rhg1 gxh5 24. gxh5+ Kh8 25. Rxd6 Rxe3 0-1

[Event "Cali Masificacion op U2050"]
[Site "Cali"]
[Date "2021.12.29"]
[Round "7"]
[White "Rodriguez, Andres2222"]
[Black "Rosales, Jhon Mike"]
[Result "0-1"]
[WhiteElo "1383"]
[BlackElo "1690"]
[PlyCount "22"]
[EventDate "2021.12.26"]
[EventType "swiss"]
[EventRounds "7"]
[EventCountry "COL"]
[SourceTitle "CBM 205 Extra"]
[Source "ChessBase"]
[SourceDate "2022.01.31"]
[SourceVersion "1"]
[SourceVersionDate "2022.01.31"]
[SourceQuality "1"]

1. e4 e6 2. d4 d5 3. exd5 exd5 4. Bd3 Be7 5. Nf3 Nf6 6. 0-0 0-0 7. Re1 c5 8. c3 Nc6 9. h3 h6 10. Bf4 Bd6 11. Qd2 Qc7 0-1

[Event "IBCA Pan American-ch 9th"]
[Site "Pereira"]
[Date "2021.11.30"]
[Round "4"]
[White "Rosales, Jhon Mike"]
[Black "Acosta Cruz, Luis Ivan"]
[Result "1-0"]
[WhiteElo "1690"]
[BlackElo "1758"]
[PlyCount "51"]
[EventDate "2021.11.29"]
[EventType "swiss"]
[EventRounds "7"]
[EventCountry "COL"]
[SourceTitle "EXT 2023"]
[Source "ChessBase"]
[SourceDate "2022.10.05"]
[SourceVersion "1"]
[SourceVersionDate "2022.10.05"]
[SourceQuality "1"]

1. e4 e5 2. Nf3 Nc6 3. Bb5 a6 4. Ba4 Bc5 5. 0-0 d6 6. c3 b5 7. Bb3 Qe7 8. Qe2 Nf6 9. Rd1 Bg4 10. d3 h6 11. Nbd2 0-0 12. Nf1 Be6 13. Bc2 Bb6 14. Ng3 Ng4 15. d4 Bc4 16. Qe1 exd4 17. cxd4 b4 18. h3 Nf6 19. Nf5 Qe8 20. e5 Bd5 21. exf6 Bxf3 22. gxf3 Qd7 23. Qe4 g6 24. Qg4 Kh7 25. Bxh6 Rg8 26. Bg7 1-0

[Event "Online Olym Disabilities"]
[Site "Tornelo INT"]
[Date "2020.11.21"]
[Round "1.5"]
[White "Lavigne Lopez, Raul Leonardo"]
[Black "Rosales, Jhon Mike"]
[Result "1-0"]
[WhiteElo "2229"]
[BlackElo "1690"]
[PlyCount "79"]
[EventDate "2020.11.21"]
[EventType "team-swiss (rapid)"]
[EventRounds "7"]
[EventCountry "NET"]
[SourceTitle "CBM 199 Extra"]
[Source "ChessBase"]
[SourceDate "2021.01.31"]
[SourceVersion "1"]
[SourceVersionDate "2021.01.31"]
[SourceQuality "1"]
[WhiteTeam "Cuba"]
[BlackTeam "Colombia II"]
[WhiteTeamCountry "CUB"]
[BlackTeamCountry "COL"]

1. e4 e6 2. d4 d5 3. Nc3 Nf6 4. e5 Nfd7 5. f4 c5 6. Nf3 Nc6 7. Be3 Qb6 8. a3 c4 9. b3 cxb3 10. cxb3 Na5 11. b4 Nc6 12. Bd3 Be7 13. 0-0 a6 14. Qd2 f5 15. Kh1 Nf8 16. Rg1 Bd7 17. Na4 Qd8 18. Nc5 Bxc5 19. bxc5 b6 20. cxb6 Qxb6 21. Rab1 Qa7 22. Rb2 Rb8 23. Rgb1 Rxb2 24. Qxb2 Ng6 25. Qb7 Qxb7 26. Rxb7 Nge7 27. Bxa6 Bc8 28. Rb6 Bxa6 29. Rxa6 0-0 30. Ng5 Rb8 31. h3 h6 32. Nxe6 Rb3 33. Bf2 Rd3 34. Ra4 Kf7 35. Nc5 Rd2 36. Kg1 Rd1+ 37. Kh2 Rd2 38. Bg1 Ng6 39. Kg3 Rd3+ 40. Nxd3 1-0

[Event "COL-ch Visually impaired"]
[Site "Cartagena"]
[Date "2019.12.07"]
[Round "3.3"]
[White "Jaimes, Fredy Alexander"]
[Black "Rosales, Jhon Mike"]
[Result "1-0"]
[WhiteElo "1863"]
[BlackElo "1684"]
[PlyCount "59"]
[EventDate "2019.12.06"]
[EventType "swiss (rapid)"]
[EventRounds "6"]
[EventCountry "COL"]
[SourceTitle "EXT 2024"]
[Source "ChessBase"]
[SourceDate "2023.10.10"]
[SourceVersion "1"]
[SourceVersionDate "2023.10.10"]
[SourceQuality "1"]

1. e4 e5 2. Nf3 Nc6 3. d4 exd4 4. Bc4 Nf6 5. e5 d5 6. Bb5 Ne4 7. 0-0 Bd7 8. c3 a6 9. Bxc6 bxc6 10. cxd4 c5 11. dxc5 Bb5 12. Re1 Bxc5 13. Be3 0-0 14. Qc2 Qe7 15. Nbd2 Bxe3 16. Rxe3 Nxd2 17. Qxd2 Rfd8 18. a4 Bc6 19. Nd4 Bb7 20. Rae1 c5 21. Nf5 Qe6 22. Nd6 Rd7 23. f4 d4 24. Rg3 Qh6 25. Nf5 Qc6 26. Nxg7 Kh8 27. Nh5 f5 28. e6 Re7 29. Qe2 Rg8 30. Qd1 1-0

[Event "COL pre olympic sf2"]
[Site "Palmira"]
[Date "2019.05.30"]
[Round "3"]
[White "Calero, Hector Andres"]
[Black "Rosales, Jhon Mike"]
[Result "1-0"]
[WhiteElo "1966"]
[BlackElo "1656"]
[PlyCount "35"]
[EventDate "2019.05.29"]
[EventType "swiss"]
[EventRounds "10"]
[EventCountry "COL"]
[SourceTitle "CBM 190 Extra"]
[Source "ChessBase"]
[SourceDate "2019.07.15"]
[SourceVersion "1"]
[SourceVersionDate "2019.07.15"]
[SourceQuality "1"]

1. e4 e5 2. Nf3 Nf6 3. Nxe5 d6 4. Nf3 Nxe4 5. d4 d5 6. Bd3 Bg4 7. 0-0 Nd7 8. Re1 f5 9. c4 c6 10. Qb3 Bd6 11. Nbd2 Ndf6 12. cxd5 cxd5 13. Bb5+ Kf7 14. Nxe4 fxe4 15. Ne5+ Ke6 16. Nxg4 Nxg4 17. Rxe4+ Kf6 18. Qf3+ 1-0

[Event "COL-chT Interligas"]
[Site "Palmira"]
[Date "2019.04.28"]
[Round "4.2"]
[White "Rosales, Jhon Mike"]
[Black "Gomez, Samael"]
[Result "0-1"]
[WhiteElo "1656"]
[BlackElo "1933"]
[PlyCount "64"]
[EventDate "2019.04.27"]
[EventType "team-swiss"]
[EventRounds "6"]
[EventCountry "COL"]
[SourceTitle "CBM 190 Extra"]
[Source "ChessBase"]
[SourceDate "2019.07.15"]
[SourceVersion "1"]
[SourceVersionDate "2019.07.15"]
[SourceQuality "1"]
[WhiteTeam "Valle Visuales"]
[BlackTeam "Fuerzas Armadas"]
[WhiteTeamCountry "COL"]
[BlackTeamCountry "COL"]

1. e4 Nf6 2. Nc3 d6 3. d4 c6 4. Nf3 g6 5. Bg5 Bg7 6. e5 dxe5 7. dxe5 Qxd1+ 8. Rxd1 Ng4 9. Bf4 Nd7 10. e6 fxe6 11. h3 0-0 12. Bg3 Nge5 13. Ng5 Nb6 14. Nce4 h6 15. Bxe5 Bxe5 16. Nf3 Bxb2 17. Bd3 Kg7 18. 0-0 Bf6 19. Rfe1 Nd5 20. Bc4 b5 21. Bb3 a5 22. a3 a4 23. Ba2 Bb2 24. Rd3 b4 25. c4 bxc3 26. Bxd5 Ba6 27. Rde3 c2 28. Nc5 cxd5 29. Nxe6+ Kg8 30. Nxf8 Rxf8 31. Re6 Rf6 32. Rxe7 c1Q 0-1

[Event "COL-chT Interligas"]
[Site "Palmira"]
[Date "2019.04.27"]
[Round "1.2"]
[White "Rosales, Jhon Mike"]
[Black "Martinez, Jorge Alexander"]
[Result "0-1"]
[WhiteElo "1656"]
[BlackElo "2240"]
[PlyCount "27"]
[EventDate "2019.04.27"]
[EventType "team-swiss"]
[EventRounds "6"]
[EventCountry "COL"]
[SourceTitle "CBM 190 Extra"]
[Source "ChessBase"]
[SourceDate "2019.07.15"]
[SourceVersion "1"]
[SourceVersionDate "2019.07.15"]
[SourceQuality "1"]
[WhiteTeam "Valle Visuales"]
[BlackTeam "Santander"]
[WhiteTeamCountry "COL"]
[BlackTeamCountry "COL"]

1. e4 c5 2. c3 e5 3. Bc4 Nc6 4. Nf3 Nf6 5. Qe2 Be7 6. d3 0-0 7. 0-0 d6 8. Nbd2 Na5 9. Rd1 Qb6 10. a4 Bg4 11. Ba2 a6 12. b4 Nc6 13. h3 Bh5 14. Nc4 0-1

[Event "COL visually impaired 14th"]
[Site "Armenia"]
[Date "2018.11.12"]
[Round "6.7"]
[White "Alvarez Mendoza, Rafael"]
[Black "Rosales, Jhon Mike"]
[Result "0-1"]
[WhiteElo "1561"]
[BlackElo "1640"]
[PlyCount "43"]
[EventDate "2018.11.09"]
[EventType "swiss"]
[EventRounds "6"]
[EventCountry "COL"]
[SourceTitle "EXT 2024"]
[Source "ChessBase"]
[SourceDate "2023.10.10"]
[SourceVersion "1"]
[SourceVersionDate "2023.10.10"]
[SourceQuality "1"]

1. d4 d5 2. Bf4 c5 3. c3 Nc6 4. e3 Qb6 5. Qb3 c4 6. Qxb6 axb6 7. Nd2 Nf6 8. h3 Bf5 9. Be2 e6 10. g4 Bg6 11. Ngf3 Be7 12. Nh4 Bc2 13. g5 Ne4 14. Nxe4 Bxe4 15. f3 Bc2 16. Kd2 Ba4 17. b3 Bb5 18. a4 Ba6 19. b4 h6 20. Ng2 hxg5 21. Bc7 Nxb4 22. cxb4 0-1

[Event "Palmira op"]
[Site "Palmira"]
[Date "2018.09.21"]
[Round "3"]
[White "Galindo, Gustavo"]
[Black "Rosales, Jhon Mike"]
[Result "1-0"]
[WhiteElo "1958"]
[BlackElo "1650"]
[PlyCount "35"]
[EventDate "2018.09.20"]
[EventType "swiss"]
[EventRounds "7"]
[EventCountry "COL"]
[SourceTitle "CBM 187 Extra"]
[Source "ChessBase"]
[SourceDate "2018.11.04"]
[SourceVersion "1"]
[SourceVersionDate "2018.11.04"]
[SourceQuality "1"]

1. b4 Nf6 2. Bb2 e6 3. a3 d5 4. Nf3 c5 5. bxc5 Bxc5 6. d4 Be7 7. e3 Qb6 8. Qc1 Nc6 9. c4 Na5 10. c5 Qc7 11. Qc2 Bd7 12. Bd3 Rc8 13. Nbd2 0-0 14. 0-0 b6 15. Ba6 Rb8 16. Rfc1 bxc5 17. dxc5 Ne4 18. Bd3 1-0

[Event "COL-ch visual limited"]
[Site "Barranquilla"]
[Date "2017.11.11"]
[Round "4.2"]
[White "Rosales, Jhon Mike"]
[Black "Daza, Fernando"]
[Result "0-1"]
[WhiteElo "1614"]
[BlackElo "1866"]
[PlyCount "74"]
[EventDate "2017.11.09"]
[EventType "swiss"]
[EventRounds "5"]
[EventCountry "COL"]
[SourceTitle "EXT 2024"]
[Source "ChessBase"]
[SourceDate "2023.10.10"]
[SourceVersion "1"]
[SourceVersionDate "2023.10.10"]
[SourceQuality "1"]

1. e4 e6 2. d4 d5 3. e5 c5 4. c3 Nc6 5. Nf3 Qb6 6. a3 Nge7 7. b4 c4 8. Be2 Bd7 9. Nbd2 a5 10. 0-0 axb4 11. cxb4 Nxd4 12. Nxd4 Qxd4 13. Rb1 Qxe5 14. Re1 Qc7 15. Nf1 Nf5 16. Bg4 Ne7 17. Bb2 Qc8 18. Rc1 b5 19. Rc3 Ra6 20. Rce3 Qc6 21. Ng3 Qc8 22. f4 f6 23. Bh5+ Kd8 24. Bf7 Ng8 25. f5 e5 26. Bxg8 Rxg8 27. Qxd5 Rh8 28. Ne4 Qc6 29. Rd1 Qxd5 30. Rxd5 Kc7 31. Nc3 Rb6 32. g4 Be7 33. Kf2 Bc6 34. Rd2 Rd8 35. Rxd8 Bxd8 36. Ke2 h6 37. Nd5+ Bxd5 0-1

[Event "COL-ch visual limited"]
[Site "Barranquilla"]
[Date "2017.11.10"]
[Round "2.1"]
[White "Rosales, Jhon Mike"]
[Black "Castillo Perez, Jaider Enrique"]
[Result "1/2-1/2"]
[WhiteElo "1614"]
[BlackElo "1763"]
[PlyCount "32"]
[EventDate "2017.11.09"]
[EventType "swiss"]
[EventRounds "5"]
[EventCountry "COL"]
[SourceTitle "EXT 2024"]
[Source "ChessBase"]
[SourceDate "2023.10.10"]
[SourceVersion "1"]
[SourceVersionDate "2023.10.10"]
[SourceQuality "1"]

1. e4 d5 2. exd5 Qxd5 3. Nc3 Qa5 4. Nf3 Bg4 5. h3 Bh5 6. d4 c6 7. Be2 Nf6 8. Bf4 Nbd7 9. Ne5 Bxe2 10. Qxe2 e6 11. 0-0 Nxe5 12. Bxe5 Nd7 13. Bh2 Be7 14. a3 Bf6 15. Ne4 Be7 16. Rad1 0-0 1/2-1/2